Synergistic effect in the management of agricultural production

Článok prezentuje novú metódu pre formálne stanovenie synergických účinkov riadenia poľnohospodárskych podnikov.

Uložené v:
Podrobná bibliografia
Hlavný autor: Hron, Jan
Ďalší autori: Macák, Tomáš
Médium: Kapitola
Jazyk:English
Predmet:
Tagy: Pridať tag
Žiadne tagy, Buďte prvý, kto otaguje tento záznam!

MARC

LEADER 00000naa a2200000 4500
001 0181977
005 20231211071117.5
041 0 |a eng 
044 |a CZ 
245 1 0 |a Synergistic effect in the management of agricultural production  |c Jan Hron, Tomáš Macák 
520 |a Článok prezentuje novú metódu pre formálne stanovenie synergických účinkov riadenia poľnohospodárskych podnikov. 
610 2 0 |a výroba poľnohospodárska 
610 2 0 |a riadenie 
610 2 0 |a metódy 
610 2 0 |a vstupy 
610 2 0 |a výstupy 
610 2 0 |a energia 
610 2 0 |a informácie 
610 2 0 |a synergia 
100 1 |a Hron, Jan 
700 1 |a Macák, Tomáš